Quizzes
Events
Quiz Creation
Community
Videos
Private Events
Remove Ads
Sign In
Join for FREE
Feedback
Dark Mode
Quiz Categories
Sports
Geography
Music
Movies
Television
Just For Fun
Miscellaneous
History
Literature
Language
Science
Gaming
Entertainment
Religion
Holiday
For Kids
Quiz Lab
Recent
Popular Today
Quiz Kudos Today
Editor Picks
Curator Picks
Quizzes by...
Day
Popularity
Type
Ratings
Length
Year
Community
Subscriptions
Recent Discussions
Orange Saloon
Badges
Playlists
Quests
Create
Leaderboards
Showdown
Live 5
Trivia Bingo
Activity
Puzzle Library
Sporcle Events
Private Events
Virtual Trivia
Globe League
Become a Host
Pub Owners
SporcleCon
Opinionation
Our Games
Videos
Blog
Mobile Apps
Partnerships
Remove Ads and Go Orange
Feedback
Music
Pop Music
The Beatles
Song
Album
Lyrics
Bands
Singers
Artist
Clip
Rock
Rap
Classical
Billboard
Country Music
Kpop
Taylor Swift
Music
Pop Music
The Beatles
Song
Album
Lyrics
Bands
Singers
Artist
Clip
Rock
Rap
Classical
Billboard
Country Music
Kpop
Taylor Swift
Random Quiz
Search Sporcle
×
Quiz Lab
Quiz Lab
Music
Taylor Swift
Type in answers that appear in a list
Type in answers that appear in a list
Classic
Best Score? Go Orange.
Forever and Always lyrics Stats
Can you name the Forever and Always lyrics?
By
deserteagle0002
8m
23 Questions
447 Plays
447 Plays
447 Plays
Comments
Comments
Give Quiz Kudos
Give Quiz Kudos
-
- Ratings
hide this ad
Replay
Link that replays current quiz
Next Quiz
Link to next quiz in quiz playlist
You Got
0%
They Got
Avg Score
55%
Avg Friend Score
Upgrade to see
Score Distribution
Jump to the score distribution portion of the page
Score
0/23
Timer
08:00
0
Plays Today
Part of line
% Correct
Once upon a time,
I believe it was a Tuesday when I caught your eye
94.6%
You looked me in the eye
and told me you loved me
89.2%
We caught onto something,
I hold onto the night
83%
This thing is breaking down
We almost never speak
71.3%
I don't feel welcome anymore
Baby what happened? Please tell me
68.8%
It rains when you're here
and it rains when you're gone
68.6%
'Cause I was there
when you said forever and always
68.6%
Made you run and hide
Like a scared little boy
67.3%
I stare at the phone
He still hasn't called
64.8%
And you flash back to
When he said forever and always
64.1%
'Cause one second it was perfect
Now you're halfway out the door
63.9%
Oh, and it rains in your
bedroom, everything is wrong
63.7%
Part of line
% Correct
Did you forget
everything?
60.3%
And then you feel
So low you can't feel nothing at all
58.5%
Was I out of line?
Did I say something way too honest?
57.6%
Now I'm
not so sure
50.9%
Back up,
baby back up
49.1%
So here's to
everything coming down to nothing
48.4%
But
I don't anymore
26.5%
Were you just kidding?
Cause it seemed to me
25.1%
I looked into your eyes
Thought I knew you for a minute
16.8%
Where is this going?
Thought I knew for a minute
13.5%
Here's to
silence, it cuts me to the core
6.3%
Quiz Playlist
Details
Report
Send in Message
Add To Playlist
Classic:
Type in answers that appear in a list
Last Updated: Feb 16, 2017
Quiz Scoreboard
CHALLENGE
Sign Up to Join the Scoreboard
Show All
Scores
Hide
Comments
May contain spoilers
Recently Published
9x9 Crossword: Cartoon Network
by jackfrog10
Miscellaneous
3m
College Basketball Coaching Resumes
by pancakes188
Sports
9m
Billboard Blitz: Fleetwood Mac
by CooCooCachoo
Music
15s
More to Explore
Quiz From the Vault
Featured Blog Post
Where Did the Easter Bunny Come From?
hide this ad
You Might Also Like...
Tags
Lyrics Quiz
Taylor Swift Quiz
finish
Today's Top Quizzes in Music
Browse Music
hide this ad
Today's Top Quizzes in Taylor Swift
Browse Taylor Swift
Top Contributed Quizzes in Music
1
Taylor Swift All Songs (2024)
2
Guess the Artist- 70s Songs
3
7-to-1: Billboard Hot 100 #1 Hits of 2010s
4
Taylor Swift Logic Puzzle
5
Sorting Albums and Songs
6
KPOP LOGIC QUIZ
7
Guess the Taylor Swift song (Mystery Song)
8
Guess The Taylor Swift Lyrics Song #1
9
Billboard Blitz: ABBA
10
Billboard Blitz: The Beatles
Explore More
Trending Topics
Harry Potter
Anime
NBA
Crossword
Marvel
Disney
Kpop
Pokémon
Puzzle
The Office
Song
WWE
Soccer
Country
NFL
hide this ad
More By:
deserteagle0002
Quiz
Plays
Rating
Category
Featured
Created
Country Songs by First Line
2,583
3.33
Music
May 19, 2010
Forever and Always lyrics
447
1.50
Music
Nov 4, 2010
The Academy Is... songs by first line
181
Music
May 4, 2010
Automatic Loveletter Songs
32
Music
Dec 12, 2011
Go to Creator's Profile
Score Distribution
Quiz Creator Spotlight
deserteagle0002
Follow
Send a Message
Quizzes Created
-
Created Quiz Play Count
-
More By This Creator
Popular Quizzes Today
1
Find the US States - No Outlines Minefield
2
Find the Countries of Europe - No Outlines Minefield
3
The Countries of the World
4
Find the US States
5
Risky Map Clicking: Biggest States A-Z
6
US States
7
Popular People in 1961
8
Movies - When Are They Set?
More Music Quizzes
Name Twice Singles in Order [Korean]
Quiz Lab
Trending Quizzes
Risky Map Clicking: Least Populous States A-Z
1-10 Letter G Words
Risky Map Clicking: Next State Alphabetically
Adjectives in 80s TV Shows
The Seven Year Switch: Catherine
Recently Updated
Leaping Animals
pecheneg
Reality TV Shows (A-Z)
bhenderson79
Rickey Henderson's Hall of Fame Teammates
pecheneg
Champions League XIs: Arsenal
pecheneg
Quick Pick: Celebrities in WWE's Hall of Fame
aduchscher
A-Z Keypad Blitz II
pecheneg
Multiple Oscar Actors
pecheneg
Mystery Phrase Blitz: Oscar 'Best Actors'
pecheneg
F. Scott Fitzgerald Novels
LTH
Pick 3 Villains
ddd62291
Trending Topics
Harry Potter
Marvel
Crossword
Anime
NBA
Kpop
Disney
Song
Soccer
Pokémon
WWE
Country
Puzzle
NFL
The Office
Your Account Isn't Verified!
In order to create a playlist on Sporcle, you need to verify the email address you used during registration. Go to your
Sporcle Settings
to finish the process.
Report this User
Report this user for behavior that violates our
Community Guidelines
.
Details:
Send Report
Go to the Sporcle.com Mobile Site →
Comments